000 00663nam a2200181Ia 4500
008 100920s9999 xx 000 0 und d
082 _b26278
_a28 व 491 थ 72
100 _aसुलाखे सूर्यकांत गोपाळ.
245 _aऔट घटकेचा कृष्ण.
260 _bजगताप-कारले प्रकाशन, पुणे 2.
_c1972
300 _a60
_bसाधी
365 _b1.5
520 _aबा.वि.नाटक.
630 _aऔट घटकेचा कृष्ण.
650 _aबा.वि.नाटक.
730 _aऔट घटकेचा कृष्ण.
942 _cBOOK
999 _c683682
_d683679